| 000 | 00993cam a2200277 4500 | ||
|---|---|---|---|
| 999 |
_c5316 _d5316 |
||
| 001 | 350187 | ||
| 003 | OSt | ||
| 005 | 20250904132032.0 | ||
| 008 | 221003r20161964enka j 000 1 eng | ||
| 020 | _a9780141371351 | ||
| 040 |
_aKLCC _cKH8 |
||
| 042 | _anbic | ||
| 082 | _aFIC DAH | ||
| 100 | 1 |
_aDahl, Roald, _eaut. |
|
| 245 | 1 | 0 |
_aCharlie and the chocolate factory / _cRoald Dahl ; illustrated by Quentin Blake. |
| 260 |
_a[London] : _bPuffin Books, _c2016, c1964. |
||
| 300 |
_a[181] p. : _bill. ; _c20 cm. |
||
| 520 | _aEach of five children lucky enough to discover an entry ticket into Mr. Willy Wonka's mysterious chocolate factory takes advantage of the situation in his own way. | ||
| 650 | 1 |
_aBucket, Charlie (Fictitious character) _vFiction. |
|
| 650 | 1 |
_aWonka, Willy (Fictitious character) _vFiction. |
|
| 650 | 1 | _aHumorous stories. | |
| 650 | 1 |
_aChocolate factories _vFiction. |
|
| 650 | 1 |
_aConduct of life _vFiction. |
|
| 700 | 1 |
_aBlake, Quentin, _eill. |
|
| 942 |
_2ddc _cFIC |
||